Eastern Utah Libraries Catalog: Duchesne, Heber, Roosevelt, & Vernal

CBGB / (Record no. 106928)

MARC details
000 -LEADER
fixed length control field 03344cgm a2200673Ii 4500
001 - CONTROL NUMBER
control field ocn863511707
003 - CONTROL NUMBER IDENTIFIER
control field OCoLC
005 - DATE AND TIME OF LATEST TRANSACTION
control field 20241220135836.0
008 - FIXED-LENGTH DATA ELEMENTS--GENERAL INFORMATION
fixed length control field 131120s2013 xx 101 e vleng d
007 - PHYSICAL DESCRIPTION FIXED FIELD--GENERAL INFORMATION
fixed length control field vd cvaizq
040 ## - CATALOGING SOURCE
Original cataloging agency TEFMT
Language of cataloging eng
Description conventions rda
Transcribing agency TEFMT
Modifying agency TEF
-- UINTA
024 1# - OTHER STANDARD IDENTIFIER
Standard number or code 037117090631
028 42 - PUBLISHER NUMBER
Publisher number 09063
Source Xlrator Media
035 ## - SYSTEM CONTROL NUMBER
System control number (OCoLC)863511707
037 ## - SOURCE OF ACQUISITION
Source of stock number/acquisition Midwest Tape
Note http://www.midwesttapes.com
041 0# - LANGUAGE CODE
Language code of text/sound track or separate title eng
-- eng
043 ## - GEOGRAPHIC AREA CODE
Geographic area code n-us-ny
050 #4 - LIBRARY OF CONGRESS CALL NUMBER
Classification number PN1997.2
Item number .C34 2013
082 04 - DEWEY DECIMAL CLASSIFICATION NUMBER
Classification number 791.43/72
Edition number 23
049 ## - LOCAL HOLDINGS (OCLC)
Holding library UCLB
092 ## - LOCALLY ASSIGNED DEWEY CALL NUMBER (OCLC)
Classification number 791.437
245 00 - TITLE STATEMENT
Title CBGB /
Statement of responsibility, etc 315 Bowery Holdings, Rampart Films & Meddin Studio present an Unclaimed Freight production ; produced by Jody Savin, Randall Miller, Brad Rosenberger ; written by Jody Savin, Randall Miller ; directed by Randall Miller.
264 #1 - Production, Publication, Distribution, Manufacture, and Copyright Notice.
Place of production, publication, distribution, manufacture [Place of publication not identified] :
Name of producer, publisher, distributor, manufacturer Film CBGB, LLC,
Date of production, publication, distribution, manufacture, or copyr [2013?]
264 #2 - Production, Publication, Distribution, Manufacture, and Copyright Notice.
Place of production, publication, distribution, manufacture North Hollywood, CA :
Name of producer, publisher, distributor, manufacturer Xlrator Media
264 #4 - Production, Publication, Distribution, Manufacture, and Copyright Notice.
Date of production, publication, distribution, manufacture, or copyr ©2013
300 ## - PHYSICAL DESCRIPTION
Extent 1 videodisc (101 min.) :
Other physical details sound, color ;
Dimensions 4 3/4 in.
336 ## - Content Type
Content type term two-dimensional moving image
337 ## - Media type
Media type term video
338 ## - Carrier type
Carrier type term videodisc
344 ## -
-- digital
-- optical
-- surround
-- Dolby Digital 5.1
-- rda
347 ## -
-- video file
-- DVD video
-- region 1
-- rda
538 ## - SYSTEM DETAILS NOTE
System details note DVD, region 1, widescreen; Dolby Digital 5.1.
500 ## - GENERAL NOTE
General note Title from container.
546 ## - LANGUAGE NOTE
Language note Closed-captioned.
511 1# - PARTICIPANT OR PERFORMER NOTE
Participant or performer note Alan Rickman, Malin Akerman, Ashley Greene.
508 ## - CREATION/PRODUCTION CREDITS NOTE
Creation/production credits note Director of photography, Michael J. Ozier ; editor, Dan O'Brien.
521 8# - TARGET AUDIENCE NOTE
Target audience note Rating: R; for language throughout, some sexual content, drug use and a scene of violence.
520 ## - SUMMARY, ETC.
Summary, etc Alan Rickman stars as legendary NYC club owner Hilly Kristal, who during the 1970s, wanted to create a venue for country, bluegrass and blues music (thus the name CBGB). When those acts became difficult to book, he shifted the club's focus to local bands playing original music, launching the careers of Patti Smith, Blondie, the Talking Heads and the Ramones and helping to define New York's punk scene and changing the face of music.
500 ## - GENERAL NOTE
General note Special features: Deleted scenes; outtakes; commentary by the filmmakers.
610 20 - SUBJECT ADDED ENTRY--CORPORATE NAME
Corporate name or jurisdiction name as entry element CBGB OMFUG (Nightclub)
Form subdivision Drama.
9 (RLIN) 6263747
650 #0 - SUBJECT ADDED ENTRY--TOPICAL TERM
Topical term or geographic name as entry element Music-halls (Variety-theaters, cabarets, etc.)
Geographic subdivision New York (State)
-- New York
Form subdivision Drama.
9 (RLIN) 6517685
651 #0 - SUBJECT ADDED ENTRY--GEOGRAPHIC NAME
Geographic name New York (N.Y.)
General subdivision Social life and customs
Chronological subdivision 20th century
Form subdivision Drama.
9 (RLIN) 5808604
655 #7 - INDEX TERM--GENRE/FORM
Genre/form data or focus term Feature films.
Source of term lcgft
9 (RLIN) 6263749
655 #7 - INDEX TERM--GENRE/FORM
Genre/form data or focus term Video recordings for the hearing impaired.
Source of term lcgft
9 (RLIN) 6263750
700 1# - ADDED ENTRY--PERSONAL NAME
Personal name Savin, Jody,
Relator term screenwriter,
-- film producer.
9 (RLIN) 6260228
700 1# - ADDED ENTRY--PERSONAL NAME
Personal name Miller, Randall,
Relator term film distributor,
-- film producer.
9 (RLIN) 6191856
700 1# - ADDED ENTRY--PERSONAL NAME
Personal name Rickman, Alan,
Relator term actor.
9 (RLIN) 26534
700 1# - ADDED ENTRY--PERSONAL NAME
Personal name Akerman, Malin,
Dates associated with a name 1978-
Relator term actor.
9 (RLIN) 5855806
700 1# - ADDED ENTRY--PERSONAL NAME
Personal name Greene, Ashley,
Dates associated with a name 1987-
Relator term actor.
9 (RLIN) 5886157
710 2# - ADDED ENTRY--CORPORATE NAME
Corporate name or jurisdiction name as entry element 315 Bowery Holdings (Firm),
Relator term presenter.
9 (RLIN) 6263751
710 2# - ADDED ENTRY--CORPORATE NAME
Corporate name or jurisdiction name as entry element Rampart Films (Firm),
Relator term presenter.
9 (RLIN) 6263752
710 2# - ADDED ENTRY--CORPORATE NAME
Corporate name or jurisdiction name as entry element Meddin Studio (Firm),
Relator term presenter.
9 (RLIN) 6263753
710 2# - ADDED ENTRY--CORPORATE NAME
Corporate name or jurisdiction name as entry element Unclaimed Freight Productions,
Relator term production company.
9 (RLIN) 6260229
710 2# - ADDED ENTRY--CORPORATE NAME
Corporate name or jurisdiction name as entry element Film CBGB, LLC.
9 (RLIN) 6263754
710 2# - ADDED ENTRY--CORPORATE NAME
Corporate name or jurisdiction name as entry element XLrator Media (Firm),
Relator term film distributor.
9 (RLIN) 6225178
942 ## - ADDED ENTRY ELEMENTS (KOHA)
Koha item type DVD
994 ## -
-- C0
-- UINTA
998 ## - LOCAL CONTROL INFORMATION (RLIN)
-- a182563
Holdings
Withdrawn status Lost status Source of classification or shelving scheme Damaged status Not for loan Collection code Home library Current library Shelving location Date acquired Source of acquisition Cost, normal purchase price Total Checkouts Total Renewals Full call number Barcode Date last seen Date checked out Cost, replacement price Price effective from Koha item type
    Dewey Decimal Classification     Movies Wasatch County Library Wasatch County Library Audio Visual Area 01/22/2014 Amazon 15.95 22 4 DVD CBGB 34301001279944 10/30/2024 10/25/2024 15.95 03/20/2020 DVD
This project was made possible through a grant from the Institute of Museum and Library Service administered by the Utah State Library Division.

Wasatch County Library

  • 465 East 1200 South, Heber City, Utah 84032
  • Phone 435-654-1511 | Fax 435-654-6456

Hours

  • Monday - Friday 9:30 AM - 8:00 PM
  • Saturday 9:30 AM - 1:30 PM
  • Closed Sundays and Holidays